Upgrading And Repairing PCs (Record no. 308112)
[ view plain ]
| 000 -LEADER | |
|---|---|
| fixed length control field | 00435nam a2200169Ia 4500 |
| 008 - FIXED-LENGTH DATA ELEMENTS--GENERAL INFORMATION | |
| fixed length control field | 230718s9999 xx 000 0 und d |
| 041 ## - LANGUAGE CODE | |
| Language code of text/sound track or separate title | eng |
| 082 ## - DEWEY DECIMAL CLASSIFICATION NUMBER | |
| Classification number | 005.302'88 |
| Item number | MUL |
| 100 ## - MAIN ENTRY--PERSONAL NAME | |
| Personal name | Mueller S. |
| 245 ## - TITLE STATEMENT | |
| Title | Upgrading And Repairing PCs |
| 250 ## - EDITION STATEMENT | |
| Edition statement | 15th ed. |
| 260 ## - PUBLICATION, DISTRIBUTION, ETC. (IMPRINT) | |
| Date of publication, distribution, etc. | 2004 |
| Name of publisher, distributor, etc. | Techmedia publication |
| 300 ## - PHYSICAL DESCRIPTION | |
| Extent | 1575 |
| 365 ## - TRADE PRICE | |
| Currency code | Rs. |
| Price amount | 597.00 |
| 700 ## - ADDED ENTRY--PERSONAL NAME | |
| Personal name | Mueller S. |
| 906 ## - LOCAL DATA ELEMENT F, LDF (RLIN) | |
| d | B:412/26.07.200431-Aug-2005 |
| c | COMP |
| b | 119.4 |
| Withdrawn status | Lost status | Damaged status | Not for loan | Home library | Current library | Date acquired | Vendor | Budget Code | Cost, normal purchase price | Bill number | Full call number | Barcode | Date last seen | Discount | Cost, replacement price | Bill Date | Koha item type | Original Barcode |
|---|---|---|---|---|---|---|---|---|---|---|---|---|---|---|---|---|---|---|
| Withdrawn | Cummins College of Engineering for Women Pune | Cummins College of Engineering for Women Pune | 02/08/2004 | Computer Hut | COMP | 477.60 | 412/26.07.2004 | 005.302'88 | CCEP-BK-19319 | 18/07/2023 | 119.4 | 597.00 | 31/08/2005 | Books | 019319 |